000 00462nam a2200145Ia 4500
008 100122s9999 xx 000 0 und d
082 _b49197
_a81
100 _aखाडिलकर नीलकंठ
245 _aशूरा मी वंदिले
260 _bमनोरमा प्रकाशन
_c1994
300 _a216
630 _aशूरा मी वंदिले
730 _aशूरा मी वंदिले
942 _cBOOK
999 _c427320
_d427317